[Event "2.BLN SF Berlin II-SV GA Rüdersdorf"]
[Site "?"]
[Date "2016.10.16"]
[Round "2.1"]
[White "Ahmadinia, Ebrahim"]
[Black "Kanarek, Marcel"]
[Result "1/2-1/2"]
[WhiteElo "2370"]
[BlackElo "2527"]
[PlyCount "69"]
[EventDate "2016.10.16"]
[WhiteTeam "SF Berlin 1903 II"]
[BlackTeam "SV Glückauf Rüdersdorf"]
[WhiteTeamCountry "IRI"]
[BlackTeamCountry "POL"]

1. e4 c6 2. d4 d5 3. Nd2 dxe4 4. Nxe4 Bf5 5. Ng3 Bg6 6. Nh3 Nf6 7. Nf4 e5 8.
dxe5 Qa5+ 9. c3 Qxe5+ 10. Be2 Nbd7 11. O-O Qc7 12. Re1 O-O-O 13. Qa4 Kb8 14.
Nxg6 hxg6 15. Bf4 Bd6 16. Bxd6 Qxd6 17. Qb3 Nd5 18. Rad1 Qc7 19. Bf3 N7f6 20.
Qc4 Nf4 21. h3 Ne6 22. Ne4 Rxd1 23. Rxd1 Nxe4 24. Qxe4 Nf4 25. b4 f5 26. Qd4
Re8 27. Kf1 a6 28. g3 Ne6 29. Qd7 Re7 30. Qxc7+ Kxc7 31. Re1 Kd7 32. Rd1+ Kc7
33. Re1 Kd7 34. Rd1+ Kc7 35. Re1 1/2-1/2

[Event "2.BLN SF Berlin II-SV GA Rüdersdorf"]
[Site "?"]
[Date "2016.10.16"]
[Round "3.1"]
[White "Steczek, Marcin"]
[Black "Nogly, Christoph"]
[Result "1-0"]
[WhiteElo "2379"]
[BlackElo "2241"]
[PlyCount "57"]
[EventDate "2016.10.16"]
[WhiteTeam "SV Glückauf Rüdersdorf"]
[BlackTeam "SF Berlin 1903 II"]
[WhiteTeamCountry "POL"]
[BlackTeamCountry "GER"]

1. Nf3 d5 2. c4 e6 3. b3 d4 4. Bb2 c5 5. e3 Nc6 6. b4 dxe3 7. fxe3 Nxb4 8. d4
cxd4 9. exd4 Nf6 10. a3 Nc6 11. Nbd2 Be7 12. Bd3 O-O 13. Qc2 Qa5 14. O-O Rd8
15. Rae1 h6 16. Nb3 Qc7 17. Kh1 Bd7 18. d5 Na5 19. Nbd4 Rac8 20. dxe6 Bxe6 21.
Rxe6 fxe6 22. Nxe6 Qb6 23. Nxd8 Rxd8 24. Ne5 Nc6 25. c5 Qxc5 26. Bc4+ Rd5 27.
Ng6 Bd8 28. Bxf6 Bxf6 29. Qe4 1-0

[Event "2.BLN SF Berlin II-SV GA Rüdersdorf"]
[Site "?"]
[Date "2016.10.16"]
[Round "4.1"]
[White "Wintzer, Joachim"]
[Black "Dudzinski, Piotr"]
[Result "0-1"]
[WhiteElo "2266"]
[BlackElo "2353"]
[PlyCount "74"]
[EventDate "2016.10.16"]
[WhiteTeam "SF Berlin 1903 II"]
[BlackTeam "SV Glückauf Rüdersdorf"]
[WhiteTeamCountry "GER"]
[BlackTeamCountry "POL"]

1. d4 d5 2. c4 e6 3. Nc3 Nf6 4. cxd5 exd5 5. Bg5 c6 6. e3 Bf5 7. Qf3 Bg6 8.
Bxf6 gxf6 9. Qd1 Qb6 10. Qd2 Nd7 11. Nf3 Bd6 12. Be2 Nf8 13. O-O Ne6 14. Rac1
O-O 15. Nh4 Ng7 16. Bd3 Qd8 17. f4 f5 18. Nf3 Re8 19. Rfe1 Re6 20. Ng5 Re7 21.
Bc2 Qd7 22. Qf2 Rae8 23. Rcd1 Bh5 24. Nf3 Qe6 25. a3 Qh6 26. h3 Bxf3 27. gxf3
Qxh3 28. Bd3 Re6 29. Bf1 Rg6+ 30. Bg2 Nh5 31. Re2 Ree6 32. Kf1 Qh2 33. Qg1 Ng3+
34. Kf2 Qh4 35. Rc2 Bxf4 36. Re1 Ne4+ 37. Kf1 Bh2 0-1

[Event "2.BLN SF Berlin II-SV GA Rüdersdorf"]
[Site "?"]
[Date "2016.10.16"]
[Round "5.1"]
[White "Wlodarczyk, Oskar"]
[Black "Priebe, Jan"]
[Result "1/2-1/2"]
[WhiteElo "2282"]
[BlackElo "2237"]
[PlyCount "97"]
[EventDate "2016.10.16"]
[WhiteTeam "SV Glückauf Rüdersdorf"]
[BlackTeam "SF Berlin 1903 II"]
[WhiteTeamCountry "POL"]
[BlackTeamCountry "GER"]

1. e4 c5 2. c3 d5 3. exd5 Qxd5 4. d4 Nf6 5. Nf3 Bg4 6. Be2 e6 7. O-O Nc6 8. h3
Bh5 9. Be3 cxd4 10. Nxd4 Bxe2 11. Qxe2 Bc5 12. Rd1 Nxd4 13. cxd4 Bb6 14. Nc3
Qd7 15. d5 Bxe3 16. Qxe3 O-O 17. dxe6 Qxe6 18. Qxe6 fxe6 19. Rd6 Kf7 20. Re1
Rfe8 21. Nb5 Re7 22. Rd3 Ne8 23. Rf3+ Kg8 24. Rfe3 Kf7 25. f4 a6 26. Nd4 Nc7
27. Nf3 h6 28. g4 g6 29. Kh2 Rd8 30. Kg3 Kg7 31. f5 gxf5 32. gxf5 Kf6 33. Ne5
Nd5 34. Ng4+ Kxf5 35. Re5+ Kg6 36. Rxe6+ Rxe6 37. Rxe6+ Kf5 38. Rxh6 Rc8 39. h4
Rc1 40. Rh5+ Ke4 41. Re5+ Kd4 42. Re2 b5 43. h5 Rg1+ 44. Kh4 Nf4 45. Rd2+ Ke4
46. h6 Kf5 47. Ne3+ Ke4 48. Ng4 Kf5 49. Ne3+ 1/2-1/2

[Event "2.BLN SF Berlin II-SV GA Rüdersdorf"]
[Site "?"]
[Date "2016.10.16"]
[Round "6.1"]
[White "Brettschneider, Stefan"]
[Black "Sroczynski, Maciej"]
[Result "0-1"]
[WhiteElo "2272"]
[BlackElo "2270"]
[PlyCount "104"]
[EventDate "2016.10.16"]
[WhiteTeam "SF Berlin 1903 II"]
[BlackTeam "SV Glückauf Rüdersdorf"]
[WhiteTeamCountry "GER"]
[BlackTeamCountry "POL"]

1. e4 c5 2. Nc3 Nc6 3. g3 g6 4. Bg2 Bg7 5. d3 Rb8 6. Nh3 b5 7. O-O d6 8. f4 Nd4
9. Nd5 e6 10. Ne3 b4 11. Bd2 Ne7 12. c3 Nb5 13. Rc1 O-O 14. g4 bxc3 15. bxc3 d5
16. f5 exf5 17. gxf5 d4 18. f6 Bxf6 19. Rxf6 dxe3 20. Bxe3 Nd5 21. exd5 Qxf6
22. Bg5 Qg7 23. Nf2 Bf5 24. Qd2 Rfe8 25. Bh6 Qf6 26. Bf4 Rb6 27. a4 Nd6 28. a5
Rb3 29. Bg5 Qe5 30. Bf4 Qe7 31. Bf3 f6 32. Kg2 g5 33. Bg3 Kg7 34. h4 h6 35. Rh1
c4 36. Bxd6 Qxd6 37. dxc4 Qe5 38. hxg5 hxg5 39. Qd4 Rxc3 40. Qxa7+ Re7 41. Qa8
Bh7 42. Qc8 Rxf3 43. Rxh7+ Kxh7 44. Kxf3 Qf4+ 45. Kg2 Re2 46. Qh3+ Kg7 47. Qf3
Qxc4 48. d6 Rd2 49. Qe3 Qd5+ 50. Kf1 Qxd6 51. Qc3 Ra2 52. Kg2 Qd5+ 0-1

[Event "2.BLN SF Berlin II-SV GA Rüdersdorf"]
[Site "?"]
[Date "2016.10.16"]
[Round "7.1"]
[White "Szyszylo, Rafal"]
[Black "Andersen, Hans-Christoph"]
[Result "1-0"]
[WhiteElo "2224"]
[BlackElo "2215"]
[PlyCount "53"]
[EventDate "2016.10.16"]
[WhiteTeam "SV Glückauf Rüdersdorf"]
[BlackTeam "SF Berlin 1903 II"]
[WhiteTeamCountry "POL"]
[BlackTeamCountry "GRE"]

1. e4 e6 2. d4 d5 3. e5 c5 4. c3 Nc6 5. Nf3 Qb6 6. a3 Nh6 7. b4 cxd4 8. cxd4
Nf5 9. Be3 f6 10. b5 Nxe5 11. dxe5 Nxe3 12. fxe3 Qxe3+ 13. Qe2 Qc1+ 14. Qd1 Qb2
15. Nbd2 fxe5 16. Rb1 Qc3 17. Rb3 Qc7 18. b6 axb6 19. Bb5+ Bd7 20. Bxd7+ Kxd7
21. O-O Bc5+ 22. Kh1 Raf8 23. Re1 Bd6 24. Qb1 e4 25. Rxb6 Rb8 26. Rc1 Bc5 27.
Qb5+ 1-0

[Event "2.BLN SF Berlin II-SV GA Rüdersdorf"]
[Site "?"]
[Date "2016.10.16"]
[Round "8.1"]
[White "Noetzel, Felix"]
[Black "Szadkowski, Kamil"]
[Result "1-0"]
[WhiteElo "2209"]
[BlackElo "2225"]
[PlyCount "73"]
[EventDate "2016.10.16"]
[WhiteTeam "SF Berlin 1903 II"]
[BlackTeam "SV Glückauf Rüdersdorf"]
[WhiteTeamCountry "SWE"]
[BlackTeamCountry "POL"]

1. e4 c5 2. Nf3 e6 3. d4 cxd4 4. Nxd4 Nc6 5. Nc3 Qc7 6. Be3 Nf6 7. f3 a6 8. Qd2
b5 9. g4 d6 10. O-O-O Bb7 11. Kb1 Nd7 12. Rg1 b4 13. Nce2 Nde5 14. b3 Be7 15.
g5 O-O 16. h4 a5 17. f4 Rad8 18. Nb5 Qb8 19. fxe5 dxe5 20. Qc1 Rxd1 21. Qxd1
Rd8 22. Qc1 Ba6 23. c4 bxc3 24. Nexc3 Bb4 25. a4 Nd4 26. Bc4 Qb7 27. Rd1 g6 28.
Kb2 Rc8 29. Bxd4 exd4 30. Rxd4 Qb8 31. Qd2 Qg3 32. Rd8+ Rxd8 33. Qxd8+ Kg7 34.
Qf6+ Kg8 35. Ne2 Qg2 36. Qd8+ Kg7 37. Nc7 1-0

[Event "2.BLN 1617 Rotation Pankow - SK Zehlend"]
[Site "?"]
[Date "2016.10.16"]
[Round "1.1"]
[White "Meister, Jakob"]
[Black "Rietze, Clemens"]
[Result "1-0"]
[WhiteElo "2444"]
[BlackElo "2335"]
[PlyCount "79"]
[EventDate "2016.??.??"]

1. d4 Nf6 2. Nc3 d5 3. Bf4 g6 4. Qd2 Bg7 5. Bh6 O-O 6. Bxg7 Kxg7 7. O-O-O c6 8.
f3 b5 9. e4 b4 10. e5 Nfd7 11. Nce2 a5 12. h4 e6 13. h5 Rh8 14. Nh3 c5 15. Nf2
Nc6 16. Ng4 cxd4 17. Qh6+ Kg8 18. hxg6 fxg6 19. f4 Qf8 20. Qg5 Kf7 21. Nxd4
Nxd4 22. Rxd4 h5 23. Nh2 Ba6 24. Nf3 Qe7 25. Qg3 Rhc8 26. f5 gxf5 27. Bxa6 Rxa6
28. Rxh5 Nf8 29. Rd2 Ke8 30. Nd4 Rb6 31. Rh8 Rc7 32. Qe3 Rbb7 33. g4 Qg7 34.
Rxf8+ Qxf8 35. Nxe6 Qh8 36. Nxc7+ Rxc7 37. gxf5 Qh1+ 38. Rd1 Qe4 39. Qxe4 dxe4
40. Rd4 1-0

[Event "2.BLN 1617 Rotation Pankow - SK Zehlend"]
[Site "?"]
[Date "2016.10.16"]
[Round "1.2"]
[White "Dauth, Benjamin"]
[Black "Malek, Daniel"]
[Result "0-1"]
[WhiteElo "2338"]
[BlackElo "2411"]
[PlyCount "50"]
[EventDate "2016.??.??"]

1. e4 e5 2. Nf3 Nf6 3. Nc3 Nc6 4. Bc4 Nxe4 5. Nxe4 d5 6. Bd3 dxe4 7. Bxe4 Bd6
8. Bxc6+ bxc6 9. d3 O-O 10. h3 c5 11. O-O Bb7 12. Nd2 f5 13. Nc4 Qf6 14. f3
Rae8 15. Be3 Re6 16. Qe1 Qe7 17. Na5 Bc8 18. Nb3 Rg6 19. Bf2 Qg5 20. g3 e4 21.
Kh2 e3 22. Qxe3 Bxg3+ 23. Kh1 Qh4 24. Bxg3 Qxh3+ 25. Kg1 Qxg3+ 0-1

[Event "2.BLN 1617 Rotation Pankow - SK Zehlend"]
[Site "?"]
[Date "2016.10.16"]
[Round "1.3"]
[White "Lagunow, Raphael"]
[Black "Bruchmann, Stephan"]
[Result "1-0"]
[WhiteElo "2259"]
[BlackElo "2294"]
[PlyCount "81"]
[EventDate "2016.??.??"]

1. e4 d5 2. exd5 Nf6 3. Bb5+ Nbd7 4. d4 Nxd5 5. Nf3 g6 6. O-O Bg7 7. Be2 O-O 8.
c4 N5f6 9. Nc3 c5 10. d5 Nb6 11. Be3 Bg4 12. Qb3 Qc8 13. a4 e6 14. h3 exd5 15.
hxg4 d4 16. Nxd4 cxd4 17. Bxd4 Qe6 18. g5 Ne4 19. Bxg7 Kxg7 20. Nxe4 Qxe4 21.
Rfe1 Rac8 22. Rac1 Rc5 23. a5 Nc8 24. Bf3 Qf4 25. Qc3+ Kg8 26. b4 Rxg5 27. Qe3
Qf6 28. Bxb7 Nd6 29. Bd5 Rh5 30. Qe7 Qxe7 31. Rxe7 Rc8 32. Rd1 Nxc4 33. Bxf7+
Kf8 34. Rxa7 Nb2 35. Rb1 Rc2 36. Bb3 Re2 37. Rc1 Re8 38. Rf7+ Kg8 39. Re7+ Kf8
40. Rxe8+ Kxe8 41. a6 1-0

[Event "2.BLN 1617 Rotation Pankow - SK Zehlend"]
[Site "?"]
[Date "2016.10.16"]
[Round "1.4"]
[White "Neumeier, Lars"]
[Black "Lagunow, Alexander"]
[Result "1/2-1/2"]
[WhiteElo "2354"]
[BlackElo "2432"]
[PlyCount "85"]
[EventDate "2016.??.??"]

1. d4 Nf6 2. c4 g6 3. Nc3 d5 4. cxd5 Nxd5 5. e4 Nxc3 6. bxc3 Bg7 7. Nf3 c5 8.
Bb5+ Nc6 9. O-O cxd4 10. cxd4 O-O 11. Be3 Bg4 12. Bxc6 bxc6 13. Rc1 Rc8 14. Qa4
Bxf3 15. gxf3 Qd7 16. e5 Qh3 17. Rxc6 Qxf3 18. Rfc1 Qg4+ 19. Kf1 Rb8 20. Qc4
Qh3+ 21. Kg1 Qg4+ 22. Kf1 Qf3 23. Kg1 Rb2 24. Rc8 h5 25. Qc6 Qg4+ 26. Kh1 Rxa2
27. Rxf8+ Bxf8 28. Qa8 Kh7 29. Qd5 Qe6 30. Qxe6 fxe6 31. Rc8 Kg7 32. Kg2 Kf7
33. Kf3 a5 34. Ra8 Bg7 35. h4 Ra1 36. Ke4 a4 37. Kd3 a3 38. Kc2 Rh1 39. Bg5 Rh2
40. Kb3 Rxf2 41. Kxa3 Rc2 42. Kb4 Rc7 43. Rd8 {(=)} 1/2-1/2

[Event "2.BLN 1617 Rotation Pankow - SK Zehlend"]
[Site "?"]
[Date "2016.10.16"]
[Round "1.5"]
[White "Brodowski, Piotr"]
[Black "Seils, Joerg"]
[Result "1-0"]
[WhiteElo "2445"]
[BlackElo "2321"]
[PlyCount "63"]
[EventDate "2016.??.??"]

1. c4 e6 2. g3 Nf6 3. Bg2 d5 4. Nf3 Be7 5. O-O O-O 6. b3 c5 7. Bb2 Nc6 8. cxd5
exd5 9. d4 Be6 10. Nc3 Rc8 11. dxc5 Bxc5 12. Ng5 Ng4 13. Nh3 Bd4 14. e3 Be5 15.
Nf4 Nf6 16. Nxe6 fxe6 17. Rc1 Qe7 18. Qe2 a6 19. Rfd1 Bd6 20. e4 d4 21. e5 Bxe5
22. Na4 d3 23. Rxd3 Bxb2 24. Qxb2 Nb4 25. Rd2 Rfd8 26. Rxc8 Rxc8 27. Nb6 Rc7
28. h3 Qc5 29. Nc4 b5 30. Ne5 Qc1+ 31. Kh2 Qxb2 32. Rd8+ 1-0

[Event "2.BLN 1617 Rotation Pankow - SK Zehlend"]
[Site "?"]
[Date "2016.10.16"]
[Round "1.6"]
[White "Steinhagen, Bernd"]
[Black "Luch, Michal"]
[Result "0-1"]
[WhiteElo "2273"]
[BlackElo "2432"]
[PlyCount "80"]
[EventDate "2016.??.??"]

1. c4 e6 2. Nc3 d5 3. cxd5 exd5 4. d4 c6 5. Nf3 Bf5 6. Bg5 Nf6 7. e3 Qb6 8. Qb3
Nbd7 9. Be2 Ne4 10. Nxe4 Bxe4 11. Qxb6 axb6 12. O-O b5 13. Nd2 Bg6 14. a3 Bd6
15. f3 f6 16. Bh4 O-O 17. Bf2 Rfe8 18. Rfd1 Nb6 19. e4 Bf4 20. Kf1 Bxd2 21.
Rxd2 dxe4 22. fxe4 Bxe4 23. Re1 Bd5 24. Bg4 Rxe1+ 25. Bxe1 Re8 26. Kf2 Nc4 27.
Re2 Rxe2+ 28. Kxe2 Nxb2 29. g3 Nc4 30. Bb4 Kf7 31. Kd3 Be6 32. Bf3 f5 33. Kc3
Nb6 34. Bd6 Bd5 35. Be2 Ke6 36. Bc7 Nd7 37. Kd2 Nf6 38. Bd3 Bc4 39. Bc2 Nd5 40.
Bb8 b4 0-1

[Event "2.BLN 1617 Rotation Pankow - SK Zehlend"]
[Site "?"]
[Date "2016.10.16"]
[Round "1.7"]
[White "Stachowiak, Kamil"]
[Black "Mueller, Michael"]
[Result "1-0"]
[WhiteElo "2412"]
[BlackElo "2262"]
[PlyCount "95"]
[EventDate "2016.??.??"]

1. d4 Nf6 2. Nf3 d5 3. c4 e6 4. Nc3 c6 5. e3 Nbd7 6. Qc2 Be7 7. b3 O-O 8. Bd3
Qa5 9. O-O dxc4 10. bxc4 e5 11. Bd2 Qc7 12. h3 Re8 13. a4 exd4 14. exd4 Nf8 15.
Rfe1 Be6 16. Rab1 Rad8 17. Ne2 Bc8 18. Ng3 Bd6 19. Nf5 Rxe1+ 20. Rxe1 Re8 21.
Rxe8 Nxe8 22. Nxd6 Qxd6 23. Qb1 Nf6 24. a5 Ne6 25. Be3 Qa3 26. Bd2 Qd6 27. Qb2
Nf4 28. Bf1 Ne4 29. Be3 Qf6 30. Ne5 Ng6 31. Bd3 Nd6 32. c5 Nf5 33. a6 Nxe3 34.
axb7 Bxb7 35. Qxb7 Nd1 36. Bc4 Qxf2+ 37. Kh1 Nf8 38. Qxf7+ Qxf7 39. Bxf7+ Kh8
40. Nxc6 a6 41. Nb4 a5 42. c6 Nf2+ 43. Kg1 Ne4 44. Nd5 Nd6 45. c7 Nc8 46. Bh5
a4 47. Bg4 a3 48. Nc3 1-0

[Event "2.BLN 1617 Rotation Pankow - SK Zehlend"]
[Site "?"]
[Date "2016.10.16"]
[Round "1.8"]
[White "Guth, Thomas"]
[Black "Heinig, Wolfram"]
[Result "1-0"]
[WhiteElo "2295"]
[BlackElo "2277"]
[PlyCount "127"]
[EventDate "2016.??.??"]

1. e4 c6 2. d4 d5 3. Nc3 dxe4 4. Nxe4 Bf5 5. Ng3 Bg6 6. h4 h6 7. Nh3 e5 8. dxe5
Qa5+ 9. c3 Qxe5+ 10. Be2 Nf6 11. Be3 Bc5 12. Bxc5 Qxc5 13. Qb3 Nbd7 14. O-O O-O
15. Nf4 Bh7 16. Rad1 Qe5 17. Nfh5 Nxh5 18. Bxh5 Nc5 19. Qc4 b5 20. Qd4 Qxd4 21.
Rxd4 Na4 22. Bf3 Rac8 23. Rd7 Nxb2 24. Rxa7 Bd3 25. Re1 Bc4 26. Nf5 Ra8 27.
Ne7+ Kh8 28. Nxc6 Rxa7 29. Nxa7 Na4 30. Re3 Rd8 31. h5 Rd7 32. Nc6 Bxa2 33.
Re8+ Kh7 34. Ne5 Rc7 35. Be4+ g6 36. hxg6+ fxg6 37. Bxg6+ Kg7 38. Bd3 Nxc3 39.
Rb8 Bc4 40. Bxc4 bxc4 41. Rb4 Ne2+ 42. Kf1 c3 43. Kxe2 c2 44. Nd3 c1=Q 45. Nxc1
Rxc1 46. Rb6 Rc2+ 47. Kf3 Rc3+ 48. Kf4 Rc2 49. Kg3 Rc3+ 50. f3 Rc2 51. f4 Ra2
52. Kh3 Ra3+ 53. g3 Ra1 54. Kh4 Rc1 55. Kg4 Rc5 56. Re6 Ra5 57. Re5 Ra1 58. Kf5
Ra7 59. Rd5 Rf7+ 60. Kg4 Ra7 61. Kh5 Rb7 62. g4 Rb4 63. f5 Rb6 64. Rd7+ 1-0

[Event "2.BLN 1617 HSK Lister Turm - SK Zehlend"]
[Site "?"]
[Date "2016.11.20"]
[Round "2.1"]
[White "Malek, Daniel"]
[Black "Schneider, Ilja"]
[Result "0-1"]
[WhiteElo "2413"]
[BlackElo "2505"]
[PlyCount "130"]
[EventDate "2016.??.??"]

1. d4 d5 2. c4 c6 3. Nf3 Nf6 4. Nc3 a6 5. a4 e6 6. Bg5 a5 7. e3 Be7 8. Be2 Na6
9. O-O O-O 10. Qb3 Nb4 11. Na2 Na6 12. h3 Ne4 13. Bxe7 Qxe7 14. Rac1 Nd6 15. c5
Nf5 16. Bd3 Nh4 17. Nxh4 Qxh4 18. Rfe1 f5 19. Bf1 Qf6 20. f4 Kh8 21. Bxa6 Rxa6
22. Qc3 Bd7 23. Ra1 h6 24. Nc1 Kh7 25. Nd3 Rfa8 26. Ne5 Qd8 27. Rec1 Be8 28.
Ra3 R8a7 29. Qc2 b6 30. cxb6 Rxb6 31. Rc3 Rab7 32. Rb1 Qd6 33. Nd3 Rb8 34. Nc5
Bd7 35. Rb3 Rxb3 36. Nxb3 Rb4 37. Nc5 Bc8 38. b3 Qb8 39. Rb2 Kg8 40. Qc3 Qa7
41. Kf2 Kh7 42. Nd3 Rb6 43. b4 Ba6 44. bxa5 Rxb2+ 45. Nxb2 Qb8 46. Ke1 g5 47.
g3 h5 48. Kf2 h4 49. Nd3 Bxd3 50. Qxd3 Qb2+ 51. Kf3 g4+ 52. hxg4 h3 53. gxf5 h2
54. f6+ Kh6 55. Qf1 Qc2 56. Qh3+ Kg6 57. Qg4+ Kxf6 58. Qg5+ Kf7 59. Qh5+ Ke7
60. Qg5+ Kd7 61. Qg7+ Kc8 62. Qf8+ Kb7 63. Qb4+ Ka8 64. Qf8+ Ka7 65. Qe7+ Ka6
0-1

[Event "2.BLN 1617 HSK Lister Turm - SK Zehlend"]
[Site "?"]
[Date "2016.11.20"]
[Round "2.2"]
[White "Buchenau, Frank"]
[Black "Lagunow, Raphael"]
[Result "1-0"]
[WhiteElo "2272"]
[BlackElo "2256"]
[PlyCount "95"]
[EventDate "2016.??.??"]

1. e4 c5 2. Nf3 Nc6 3. Bb5 e6 4. O-O Nge7 5. Re1 a6 6. Bf1 Ng6 7. c3 Be7 8. d4
d5 9. exd5 Qxd5 10. c4 Qd6 11. d5 exd5 12. cxd5 Nb4 13. Nc3 Bf5 14. Nd2 b5 15.
a3 Nxd5 16. Nc4 bxc4 17. Qxd5 Qxd5 18. Nxd5 Ra7 19. Bxc4 O-O 20. Nxe7+ Nxe7 21.
Re5 Be6 22. Bxe6 fxe6 23. Be3 Rb7 24. Bxc5 Rf5 25. Rxf5 Nxf5 26. b4 Rd7 27. Kf1
Kf7 28. Ke2 Nd4+ 29. Bxd4 Rxd4 30. Rc1 Rd6 31. Ke3 Kf6 32. a4 e5 33. b5 Ke6 34.
Rc7 g6 35. Ra7 axb5 36. axb5 Kd5 37. Rxh7 Rb6 38. Rh6 Rxb5 39. Rxg6 Rb3+ 40.
Ke2 Rb2+ 41. Kf3 e4+ 42. Kg3 Rb3+ 43. Kg4 Rb2 44. Kg3 Rb3+ 45. Kf4 Rb2 46. f3
Rf2 47. Ke3 Ra2 48. Rg5+ 1-0

[Event "2.BLN 1617 HSK Lister Turm - SK Zehlend"]
[Site "?"]
[Date "2016.11.20"]
[Round "2.3"]
[White "Lagunow, Alexander"]
[Black "Voege, Tobias"]
[Result "0-1"]
[WhiteElo "2432"]
[BlackElo "2237"]
[PlyCount "82"]
[EventDate "2016.??.??"]

1. Nf3 Nf6 2. c4 c5 3. Nc3 g6 4. d4 cxd4 5. Nxd4 Bg7 6. e4 Nc6 7. Nc2 a6 8. f3
O-O 9. Be3 d6 10. Be2 Be6 11. O-O Nd7 12. Rb1 Qa5 13. Nd4 Nxd4 14. Bxd4 Rfc8
15. Bxg7 Kxg7 16. Qd4+ Qe5 17. Rfd1 Rc6 18. Nd5 Bxd5 19. Qxe5+ Nxe5 20. exd5
Rc7 21. b3 g5 22. g3 b5 23. f4 gxf4 24. gxf4 Ng6 25. Rd4 b4 26. Kf2 Rg8 27. Ra1
Kf6 28. a3 bxa3 29. Rxa3 Rb8 30. Bd1 Rb6 31. Ke3 Rc8 32. Rd2 Nh4 33. Rda2 Ra8
34. Bc2 Nf5+ 35. Ke4 e6 36. dxe6 fxe6 37. Ra5 Rc8 38. Rxa6 d5+ 39. cxd5 Rc3 40.
Bd3 Rb4+ 41. Kf3 Rxd3+ 0-1

[Event "2.BLN 1617 HSK Lister Turm - SK Zehlend"]
[Site "?"]
[Date "2016.11.20"]
[Round "2.4"]
[White "Petkidis, Anthony"]
[Black "Brodowski, Piotr"]
[Result "1/2-1/2"]
[WhiteElo "2265"]
[BlackElo "2441"]
[PlyCount "55"]
[EventDate "2016.??.??"]

1. e4 g6 2. d4 Bg7 3. Nf3 d6 4. Nc3 a6 5. a4 Nf6 6. h3 O-O 7. Be3 Nc6 8. g3 h6
9. Bg2 d5 10. e5 Ne4 11. Nxe4 dxe4 12. Ng1 f5 13. Ne2 Kh7 14. c3 Be6 15. a5 Bf7
16. Nf4 e6 17. b4 Qd7 18. h4 Ne7 19. O-O Nd5 20. Bd2 Rfd8 21. Qb3 Qe7 22. Nh3
b5 23. Rfd1 Be8 24. Rac1 Rab8 25. Bf1 Bf8 26. Be2 Rdc8 27. Rb1 Bc6 28. Rdc1
1/2-1/2

[Event "2.BLN 1617 HSK Lister Turm - SK Zehlend"]
[Site "?"]
[Date "2016.11.20"]
[Round "2.5"]
[White "Luch, Michal"]
[Black "Hoerstmann, Martin"]
[Result "1/2-1/2"]
[WhiteElo "2431"]
[BlackElo "2253"]
[PlyCount "68"]
[EventDate "2016.??.??"]

1. d4 g6 2. e4 Bg7 3. Nc3 d6 4. Be3 a6 5. h4 Nf6 6. f3 h5 7. a4 b6 8. Nh3 Nbd7
9. Qd2 c5 10. d5 Ne5 11. Be2 Bd7 12. Nf2 Qc7 13. O-O O-O 14. Bh6 b5 15. Bxg7
Kxg7 16. b3 Rab8 17. axb5 axb5 18. Ncd1 e6 19. Ne3 exd5 20. Nxd5 Nxd5 21. exd5
Bf5 22. f4 Nd7 23. Bd3 Bxd3 24. Qxd3 Rfe8 25. Rfe1 b4 26. c4 Nf6 27. Ne4 Qe7
28. Nxf6 Qxf6 29. Qg3 Ra8 30. Rxa8 Rxa8 31. f5 Ra1 32. fxg6 fxg6 33. Rxa1 Qxa1+
34. Kh2 Qf6 1/2-1/2

[Event "2.BLN 1617 HSK Lister Turm - SK Zehlend"]
[Site "?"]
[Date "2016.11.20"]
[Round "2.6"]
[White "Hampel, Felix"]
[Black "Stachowiak, Kamil"]
[Result "1/2-1/2"]
[WhiteElo "2220"]
[BlackElo "2409"]
[PlyCount "55"]
[EventDate "2016.??.??"]

1. c4 Nf6 2. Nf3 e6 3. d4 d5 4. g3 dxc4 5. Bg2 Bb4+ 6. Bd2 Be7 7. Na3 Nc6 8.
Qa4 O-O 9. Qxc4 Ne4 10. Nc2 Nxd2 11. Nxd2 a5 12. O-O Ra6 13. Qd3 Bd7 14. Rfd1
Qa8 15. Ne4 Rd8 16. Nc5 Rb6 17. Na4 Ra6 18. Nc5 Rb6 19. Qc3 Be8 20. Na3 a4 21.
Rd2 h6 22. Rad1 Na5 23. e4 Qa7 24. e5 Bc6 25. Bf1 Be8 26. Bg2 Bc6 27. Bf1 Be8
28. Bg2 1/2-1/2

[Event "2.BLN 1617 HSK Lister Turm - SK Zehlend"]
[Site "?"]
[Date "2016.11.20"]
[Round "2.7"]
[White "Ribic, Kasmir"]
[Black "Hoerstmann, Rudi"]
[Result "1/2-1/2"]
[WhiteElo "2277"]
[BlackElo "2246"]
[PlyCount "39"]
[EventDate "2016.??.??"]

1. d4 g6 2. e4 Bg7 3. Nc3 d6 4. f4 a6 5. Nf3 b5 6. Bd3 Nd7 7. Be3 Bb7 8. Qe2 c5
9. dxc5 Nxc5 10. Bxc5 dxc5 11. e5 Nh6 12. Be4 Bxe4 13. Qxe4 O-O 14. O-O Qb6 15.
Nd5 Qa7 16. a4 c4+ 17. Qd4 e6 18. Qxa7 Rxa7 19. Nb4 Raa8 20. Nc6 1/2-1/2

[Event "2.BLN 1617 HSK Lister Turm - SK Zehlend"]
[Site "?"]
[Date "2016.11.20"]
[Round "2.8"]
[White "Virag, Attila Aba"]
[Black "Klimm, Wolf-Dietrich"]
[Result "1/2-1/2"]
[WhiteElo "2280"]
[BlackElo "2265"]
[PlyCount "50"]
[EventDate "2016.??.??"]

1. e4 c6 2. d4 d5 3. e5 Bf5 4. Nf3 e6 5. Be2 Nd7 6. O-O Ne7 7. Nbd2 Ng6 8. Nb3
Bg4 9. Be3 f6 10. exf6 Qxf6 11. h3 Bxf3 12. Bxf3 Bd6 13. Qd2 O-O 14. Rae1 e5
15. Bg4 Qf7 16. Bxd7 Qxd7 17. dxe5 Nxe5 18. f4 Nc4 19. Qd4 b6 20. Bc1 Rae8 21.
Kh1 Rxe1 22. Rxe1 Re8 23. Qd1 Bc7 24. Nd4 Nd6 25. Rxe8+ Qxe8 1/2-1/2

[Event "2.BLN 1617 Glückauf Rüdersd - Rotatio"]
[Site "?"]
[Date "2016.11.20"]
[Round "2.1"]
[White "Rietze, Clemens"]
[Black "Moranda, Wojciech"]
[Result "0-1"]
[WhiteElo "2335"]
[BlackElo "2586"]
[PlyCount "82"]
[EventDate "2016.??.??"]

1. d4 Nf6 2. c4 g6 3. Nc3 Bg7 4. e4 d6 5. f3 O-O 6. Be3 c5 7. Nge2 Nc6 8. d5
Na5 9. Ng3 a6 10. Be2 Nd7 11. Qc2 Bd4 12. Qd2 b5 13. Bxd4 cxd4 14. Qxd4 bxc4
15. h4 Rb8 16. O-O-O Nc5 17. Kb1 Qb6 18. Rd2 Bd7 19. Rc1 Qb4 20. Qe3 Nd3 21.
Bxd3 cxd3 22. Qxd3 Nc4 23. Re2 Nxb2 24. Qc2 Nd3+ 25. Ka1 Nxc1 26. Qxc1 Rfc8 27.
Re3 Qd4 28. Nge2 Qf6 29. Qd2 Qxh4 30. Nd4 Rc4 31. Nb3 Qf4 32. Qf2 Qf6 33. e5
dxe5 34. Ne4 Qb6 35. Qd2 Rd4 36. Rd3 Rxd3 37. Qxd3 Bf5 38. g4 Bxe4 39. Qxe4 a5
40. Qa4 Qf6 41. Qe4 Rb4 0-1

[Event "2.BLN 1617 Glückauf Rüdersd - Rotatio"]
[Site "?"]
[Date "2016.11.20"]
[Round "2.2"]
[White "Kanarek, Marcel"]
[Black "Dauth, Benjamin"]
[Result "1-0"]
[WhiteElo "2528"]
[BlackElo "2338"]
[PlyCount "87"]
[EventDate "2016.??.??"]

1. e4 e5 2. Nf3 Nc6 3. Bb5 a6 4. Ba4 Nf6 5. O-O Be7 6. Re1 b5 7. Bb3 O-O 8. c3
d6 9. h3 Na5 10. Bc2 c5 11. d4 Nc6 12. d5 Nb8 13. a4 b4 14. a5 Nbd7 15. Nbd2
Rb8 16. Nc4 Ne8 17. Bd2 bxc3 18. bxc3 h6 19. g3 Ndf6 20. Kg2 Nh7 21. Nb6 Ng5
22. Ng1 Nh7 23. Qe2 Nc7 24. c4 Na8 25. Nxc8 Qxc8 26. f4 Nc7 27. Nf3 Ne8 28.
fxe5 dxe5 29. Nxe5 Ng5 30. Bxg5 Bxg5 31. Nc6 Rb2 32. h4 Bf6 33. e5 Rxc2 34.
Qxc2 Bxh4 35. e6 fxe6 36. gxh4 Rf7 37. Rxe6 Nc7 38. Rb1 Nxe6 39. Rb8 Qxb8 40.
Nxb8 Nd4 41. Qb1 Nf5 42. Qe4 g5 43. hxg5 hxg5 44. d6 1-0

[Event "2.BLN 1617 Glückauf Rüdersd - Rotatio"]
[Site "?"]
[Date "2016.11.20"]
[Round "2.3"]
[White "Bruchmann, Stephan"]
[Black "Janaszak, Dawid"]
[Result "1/2-1/2"]
[WhiteElo "2294"]
[BlackElo "2390"]
[PlyCount "47"]
[EventDate "2016.??.??"]

1. e4 d6 2. d4 g6 3. Nc3 Bg7 4. Be3 a6 5. a4 Nd7 6. Nf3 Ngf6 7. h3 O-O 8. Bc4
c6 9. Bb3 e5 10. dxe5 dxe5 11. Qd6 Ne8 12. Qd2 Qe7 13. O-O Nc5 14. Ba2 Nf6 15.
Bg5 Be6 16. Qe3 a5 17. Bh4 Bxa2 18. Rxa2 Rfd8 19. Raa1 Ne6 20. Nxe5 Nd4 21. Qf4
h6 22. Bxf6 Bxf6 23. Nf3 Nxc2 24. Rad1 1/2-1/2